<?xml version="1.0" encoding="UTF-8"?>
<collection xmlns="http://www.loc.gov/MARC21/slim">
 <record>
  <leader>00834nam a22002175a 4500</leader>
  <controlfield tag="001">CEM.cems002839</controlfield>
  <controlfield tag="005">20060221000000.0</controlfield>
  <controlfield tag="008">130507s1981##################000#0#####d</controlfield>
  <controlfield tag="003">CEMS</controlfield>
  <datafield tag="082" ind1="0" ind2="4">
   <subfield code="a">512.83</subfield>
  </datafield>
  <datafield tag="100" ind1="1" ind2=" ">
   <subfield code="a">Gentile, Enzo R.</subfield>
  </datafield>
  <datafield tag="245" ind1="1" ind2="0">
   <subfield code="a">Algebra lineal /</subfield>
   <subfield code="c">Enzo R. Gentile</subfield>
  </datafield>
  <datafield tag="260" ind1=" " ind2=" ">
   <subfield code="a">Buenos Aires :</subfield>
   <subfield code="b">Docencia,</subfield>
   <subfield code="c">1981</subfield>
  </datafield>
  <datafield tag="300" ind1=" " ind2=" ">
   <subfield code="a">143 p.</subfield>
  </datafield>
  <datafield tag="505" ind1="0" ind2=" ">
   <subfield code="a">Definicion, igualdad y adicion de matrices; Multiplicacion y division de matrices; Vectores y ecuaciones lineales; Matrices especiales de particular interes; Mas acerca del algebra de matrices y vectores; Valores propios y vectores propios; Series infinitas de matrices</subfield>
  </datafield>
  <datafield tag="653" ind1=" " ind2=" ">
   <subfield code="a">Algebra</subfield>
  </datafield>
  <datafield tag="653" ind1=" " ind2=" ">
   <subfield code="a">Determinantes</subfield>
  </datafield>
  <datafield tag="653" ind1=" " ind2=" ">
   <subfield code="a">Espacios vectoriales</subfield>
  </datafield>
  <datafield tag="653" ind1=" " ind2=" ">
   <subfield code="a">Matematica</subfield>
  </datafield>
  <datafield tag="653" ind1=" " ind2=" ">
   <subfield code="a">Matrices</subfield>
  </datafield>
  <datafield tag="859" ind1=" " ind2=" ">
   <subfield code="a">CEMS</subfield>
   <subfield code="b">BIB. CEMS - 11 de abril</subfield>
   <subfield code="h">512.83</subfield>
   <subfield code="i">G289</subfield>
   <subfield code="p">12852.83</subfield>
   <subfield code="t">Ej.1</subfield>
  </datafield>
 </record>
</collection>
